000 00663cam a22002293a 4500
001 8174
003 PGUSA
005 20140828083153.0
008 050501s2005||||xxu|||||s|||||000 1 eng d
040 _aPGUSA
_beng
042 _adc
050 4 _aPQ
100 1 _aVerne, Jules,
_d1828-1905
245 1 0 _aKéraban-Le-Têtu, Volume I
_h[electronic resource] /
_cJules Verne
260 _bProject Gutenberg,
_c2005
506 _aPublic domain in the USA.
516 _aElectronic text
653 _aTurkey -- History -- Ottoman Empire, 1288-1918 -- Fiction
830 0 _aProject Gutenberg
_v8174
856 4 0 _uhttp://www.gutenberg.org/ebooks/8174
942 _cEB
999 _c237474
_d237474